00445nam a2200181 a 4500001001300000003000900013005001700022008004100039020000900080082001500089100001600104245003100120260004500151300000800196500003500204650000800239700001600247nice12345678IN_TiNIC20260116014453.0080222s2005 newa grp 000 0 eng  ac1000a340bMAT12 aMathew, P D aYour Right to Compensation aNew DelhibIndian Social Institutec2005 a21p aincludes index and biblioraphy aLaw1 aMathew, P D